JEDNOTA CÍRKVE V DÍLE VLADIMÍRA SOLOVJEVA

Bibliographic Details
Main Author: Buchta, Vladimír (Author)
Format: Article
Language:Czech

MARC

LEADER 00000nab a2200000uu 4500
001 vtls011141659
003 SK-MaSNL
005 20260303151137.0
008 230222|1982 xo |||||||||||||||||cze|
015 |a SNBRB 
035 |a (urnnbn)urn:nbn:sk:snk:ar-008cou 
035 |a (uuid)52b8c729-4170-480a-9fe2-102c32518e7c 
035 |a urn:nbn:sk:snk-abatbg 
040 |a SNKBUCL  |b slo  |c SNKBUCL  |e AACR2 
041 0 |a cze 
044 |a xo  |c SK 
100 1 |a Buchta, Vladimír  |4 aut  |9 1170321 
245 1 0 |a JEDNOTA CÍRKVE V DÍLE VLADIMÍRA SOLOVJEVA  |c Vladimír Buchta 
773 0 |t Pravoslavný teologický sborník  |g Roč. 1983, č. 9 (1982), s. 73-90 
958 |a OND 
958 |a EUIPO 
958 |a article14 
999 |c 2016321  |d 2018251